Aktuálny pohľad na vzťah finančných ukazovateľov a právnych foriem priemyselných podnikov
Vymedzenie priemyselnej výroby. Stav riešenej problematiky doma a v zahraničí. Výsledky zistené skúmaním vybranej problematiky.
Uložené v:
| Hlavný autor: | |
|---|---|
| Médium: | Kapitola |
| Jazyk: | Slovak |
| Predmet: | |
| Tagy: |
Žiadne tagy, Buďte prvý, kto otaguje tento záznam!
|
MARC
| LEADER | 00000naa$a2200000$$$4500 | ||
|---|---|---|---|
| 001 | 0237768 | ||
| 005 | 20240502073838.4 | ||
| 041 | 0 | |a slo | |
| 044 | |a SK | ||
| 245 | 1 | 0 | |a Aktuálny pohľad na vzťah finančných ukazovateľov a právnych foriem priemyselných podnikov |c Elena Moravčíková |
| 520 | |a Vymedzenie priemyselnej výroby. Stav riešenej problematiky doma a v zahraničí. Výsledky zistené skúmaním vybranej problematiky. | ||
| 610 | 2 | 0 | |a podnik priemyselný |
| 610 | 2 | 0 | |a výroba priemyselná |
| 610 | 2 | 0 | |a ukazovatele finančné |
| 610 | 2 | 0 | |a podnik štátny |
| 610 | 2 | 0 | |a spoločnosti akciové |
| 610 | 2 | 0 | |a spoločnosti s r.o. |
| 610 | 2 | 0 | |a družstvá |
| 610 | 2 | 0 | |a osoby fyzické |
| 610 | 2 | 0 | |a likvidita |
| 610 | 2 | 0 | |a rentabilita |
| 610 | 2 | 0 | |a aktíva |
| 100 | 1 | |a Moravčíková, Elena, 1967- | |